Modern formulas for statics and dynamics : a stress-and-strain approach /

Bibliographic Details
Main Author: Pilkey, Walter D.
Other Authors: Chang, Pin Yu, 1928-
Format: Book
Language:English
Published: New York : McGraw-Hill, [1978]
Subjects:

MARC

Tag First Indicator Second Indicator Subfields
LEADER 00000pam a2200000 i 4500
001 in00000626321
005 20151015051308.0
008 770920s1978 nyua b 00110 eng
010 |a  77015093  
020 |a 0070499985 :  |c $18.50 
035 |a (OCoLC)03327339 
035 |9 ACT5734AM 
040 |a DLC  |c DLC  |d TXA  |d UtOrBLW 
049 |a TXAM  |c [976134] 
050 0 0 |a TA646  |b .P54 
082 0 |a 624/.171 
100 1 |a Pilkey, Walter D. 
245 1 0 |a Modern formulas for statics and dynamics :  |b a stress-and-strain approach /  |c Walter D. Pilkey, Pin Yu Chang. 
264 1 |a New York :  |b McGraw-Hill,  |c [1978] 
264 4 |c ©1978 
300 |a xiv, 418 pages :  |b illustrations ;  |c 25 cm. 
336 |a text  |b txt  |2 rdacontent 
337 |a unmediated  |b n  |2 rdamedia 
338 |a volume  |b nc  |2 rdacarrier 
504 |a Includes bibliographical references and index. 
650 0 |a Structural analysis (Engineering)  |x Tables. 
650 0 |a Structural analysis (Engineering)  |x Computer programs. 
700 1 |a Chang, Pin Yu,  |d 1928- 
999 |a MARS 
999 f f |s 3b8abe78-f557-375a-8fcf-c1abf42b5a35  |i c4bfc2db-7b03-37a7-87c7-bd16cd9317f8  |t 0 
952 f f |p normal  |a Texas A&M University  |b College Station  |c Sterling C. Evans Library  |d Evans: Library Stacks  |t 0  |e TA646 .P54  |h Library of Congress classification  |i unmediated -- volume  |m A14805331982 
998 f f |a TA646 .P54  |t 0  |l Evans: Library Stacks